LEADER 01944nam 22006013 450 001 9910158723403321 005 20250102080301.0 010 $a9783318039504 010 $a3318039500 035 $a(CKB)3780000000101771 035 $a(PPN)231342039 035 $a(MiAaPQ)EBC31865206 035 $a(Au-PeEL)EBL31865206 035 $a(OCoLC)1046113326 035 $a(SZ-BaSKA)222276 035 $a(EXLCZ)993780000000101771 100 $a20250102d1992 uy 0 101 0 $aeng 135 $aurcnu|||||||| 181 $ctxt$2rdacontent 182 $cc$2rdamedia 183 $acr$2rdacarrier 200 10$aMovement Disorders in Children $eInternational Sven Jerring Symposium, Stockholm, August 1991: Proceedings 205 $a1st ed. 210 1$aBasel :$cS. Karger AG,$d1992. 210 4$dİ1992. 215 $a1 online resource (315 pages) 225 1 $aIssn Series 311 08$a9783805555562 311 08$a3805555563 410 0$aIssn Series 606 $aMovement disorders in children$xCongresses 606 $aGait disorders in children$xCongresses 606 $aChildren with cerebral palsy$xCongresses 606 $aMovement Disorders$xin infancy & childhood$xcongresses 615 0$aMovement disorders in children$xCongresses. 615 0$aGait disorders in children$xCongresses. 615 0$aChildren with cerebral palsy$xCongresses. 615 2$aMovement Disorders$xin infancy & childhood$xcongresses. 676 $a618.92/83 700 $aForssberg$b H$01781373 701 $aHirschfeld$b H$01781374 701 $aCaine$b D. J$01781375 701 $aHills$b A. P$01781376 701 $aNoakes$b T$01781377 712 02$aInternational Council of Sport Science and Physical Education. 801 0$bMiAaPQ 801 1$bMiAaPQ 801 2$bMiAaPQ 906 $aBOOK 912 $a9910158723403321 996 $aMovement Disorders in Children$94306105 997 $aUNINA